Equipes demi-finalistes de la Coupe du Monde - Statistiques

Statistiques générales
  • Ce quiz a été pris 150 fois
  • Le résultat moyen est 83 sur 88
Statistiques - réponses
Hint Réponse % Correct
Bresil 2014 Allemagne Vainqueur
100%
Afrique du Sud 2010 Allemagne Troisième
100%
Allemagne 2006 Allemagne Troisième
100%
Corée du Sud et Japon 2002 Allemagne Finaliste
100%
Italie 1990 Allemagne Vainqueur
100%
Mexique 1986 Allemagne Finaliste
100%
Espagne 1982 Allemagne Finaliste
100%
Allemagne 1974 Allemagne Vainqueur
100%
Mexique 1970 Allemagne Troisième
100%
Angleterre 1966 Allemagne Finaliste
100%
Suède 1958 Allemagne Quatrième
100%
Suisse 1954 Allemagne Vainqueur
100%
Italie 1934 Allemagne Troisième
100%
Afrique du Sud 2010 Espagne Vainqueur
100%
Bresil 1950 Espagne Quatrième
100%
Qatar 2022 France Finaliste
100%
Russie 2018 France Vainqueur
100%
Allemagne 2006 France Finaliste
100%
France 1998 France Vainqueur
100%
Mexique 1986 France Troisième
100%
Espagne 1982 France Quatrième
100%
Suède 1958 France Troisième
100%
Qatar 2022 Argentine Vainqueur
99%
Bresil 2014 Argentine Finaliste
99%
Italie 1990 Argentine Finaliste
99%
Mexique 1986 Argentine Vainqueur
99%
Argentine 1978 Argentine Vainqueur
99%
Uruguay 1930 Argentine Finaliste
99%
Bresil 2014 Bresil Quatrième
99%
Corée du Sud et Japon 2002 Bresil Vainqueur
99%
France 1998 Bresil Finaliste
99%
États-Unis 1994 Bresil Vainqueur
99%
Argentine 1978 Bresil Troisième
99%
Allemagne 1974 Bresil Quatrième
99%
Mexique 1970 Bresil Vainqueur
99%
Chili 1962 Bresil Vainqueur
99%
Suède 1958 Bresil Vainqueur
99%
Bresil 1950 Bresil Finaliste
99%
France 1938 Bresil Troisième
99%
Allemagne 2006 Italie Vainqueur
99%
États-Unis 1994 Italie Finaliste
99%
Italie 1990 Italie Troisième
99%
Espagne 1982 Italie Vainqueur
99%
Argentine 1978 Italie Quatrième
99%
Mexique 1970 Italie Finaliste
99%
France 1938 Italie Vainqueur
99%
Italie 1934 Italie Vainqueur
99%
Bresil 2014 Pays Bas Troisième
99%
Afrique du Sud 2010 Pays Bas Finaliste
99%
France 1998 Pays Bas Quatrième
99%
Argentine 1978 Pays Bas Finaliste
99%
Allemagne 1974 Pays Bas Finaliste
99%
Afrique du Sud 2010 Uruguay Quatrième
99%
Mexique 1970 Uruguay Quatrième
99%
Suisse 1954 Uruguay Quatrième
99%
Bresil 1950 Uruguay Vainqueur
99%
Uruguay 1930 Uruguay Vainqueur
99%
Russie 2018 Angleterre Quatrième
98%
Italie 1990 Angleterre Quatrième
98%
Angleterre 1966 Angleterre Vainqueur
98%
Qatar 2022 Croatie Troisième
98%
Russie 2018 Croatie Finaliste
98%
France 1998 Croatie Troisième
98%
Qatar 2022 Maroc Quatrième
98%
Russie 2018 Belgique Troisième
96%
Mexique 1986 Belgique Quatrième
96%
Allemagne 2006 Portugal Quatrième
95%
Angleterre 1966 Portugal Troisième
95%
États-Unis 1994 Suède Troisième
92%
Suède 1958 Suède Finaliste
92%
Bresil 1950 Suède Troisième
92%
France 1938 Suède Quatrième
92%
Uruguay 1930 États-Unis Troisième
89%
Chili 1962 Chili Troisième
87%
Corée du Sud et Japon 2002 Corée du Sud Quatrième
83%
Espagne 1982 Pologne Troisième
79%
Allemagne 1974 Pologne Troisième
79%
Corée du Sud et Japon 2002 Turquie Troisième
76%
Suisse 1954 Hongrie Finaliste
74%
France 1938 Hongrie Finaliste
74%
Chili 1962 Yougoslavie Quatrième
72%
Uruguay 1930 Yougoslavie Quatrième
72%
Suisse 1954 Autriche Troisième
71%
Italie 1934 Autriche Quatrième
71%
Angleterre 1966 URSS Quatrième
71%
Chili 1962 Tchécoslovaquie Finaliste
63%
Italie 1934 Tchécoslovaquie Finaliste
63%
États-Unis 1994 Bulgarie Quatrième
59%
Aucun quiz correspondant
Distribution des résultats
% des personnes avec chaque résultat
Percentile par nombre de réponses
Votre historique - résultats
Vous n’avez pas pris ce quiz